00576nas a2200193 4500001001000000003000900010005001700019007000300036008003400039040005400073041000900127072000800136100001000144245009000154650002400244650001200268650001000280773009200290BR8101902BR-BrBNA20231205084616.0ta230509b bl.|||p| |||| 00| 00por d aBR-BrBNAbporcBiblioteca Nacional de Agricultura a(Pt) aK501 aAnon.1 aEmpresa se diversifica construindo uma serraria [Industria florestal; Madeira; Chile] aIndustria florestal aMadeira aChile0 tRevista da Madeira (Brazil)xISSN 0034-7582g(Apr 1981), v. 30(352) p. 25-27wBR8101902